000 00589nam a22001937a 4500
003 OSt
005 20160822155628.0
008 160822b xxu||||| |||| 00| 0 eng d
020 _a1901346307
040 _c040a
082 _aWH 150
_bI564p 2001
245 _aIntravascular brachytherapy :
_bfrom theory to practice /
_cPrabhakar Tripuraneni...[etal]
260 _aLondon
_bReMEDICA publishing limited
_c2001
300 _aiii, 306p;
_bill :
_c12 cm.
504 _aIncludes index
650 _aBrachytherapy
_910842
700 _aTripuraneni, Prabhakar...[etal]
_910843
942 _2z
_cO_SHELF
999 _c5056
_d5056